Riconosci lo Stato - Quiz n°156 - Statistics

Statistiche generali
  • Questo quiz è stato fatto 20 volte
  • Il punteggio medio è 12 su 13
Statistiche sulle risposte
Indizio Risposta % Corretto
Indipendenza 4 gennaio 1948 dal Regno Unito
100%
Valuta Kyat
100%
Fuso Orario UTC+6:30
100%
Popolazione 54 700 104 ab.
94%
Superficie 676 669 km²
94%
Presidente della Giunta militare e Primo ministro Min Aung Hlaing
94%
Iniziale della Capitale N
94%
Forma di Governo Repubblica parlamentare sotto giunta militare (dopo il golpe del 2021 - de iure) Dittatura militare (de facto)
94%
ISU 0,578
88%
Tasso di crescita 0,67%
88%
PIL (nominale) 55 273 milioni di $
88%
Risposta Birmania
88%
Presidente della Repubblica Myint Swe (ad interim)
88%
Nessun quiz corrispondente trovato
Distribuzione punteggi
Percentuale di utenti per punteggio
Percentile per numero di risposta
I tuoi punteggi nel tempo
Non hai fatto questo quiz